Les Desmichels III : Nans le berger

Guardado en:
書目詳細資料
主要作者: Monnier, Thyde
格式: 圖書
語言:Undetermined
出版: Francia Editions J' Ai Lu 1965
主題:
標簽: 添加標簽
沒有標簽, 成為第一個標記此記錄!

MARC

LEADER 00000nam a2200000Ia 4500
008 170316s9999 xx 000 0 und d
040 |a cru BVZT 
090 |a 840 M-23.1d 
100 |a Monnier, Thyde 
245 |a Les Desmichels III : Nans le berger 
260 |a Francia 
260 |b Editions J' Ai Lu 
260 |c 1965 
300 |a 384 páginas 
650 |a LITERATURA FRANCESA 
650 |a EN IDIOMA FRACÉS 
650 |a NOVELA 
999 |c 7833  |d 7833 
942 |c 15 D  |h 840 M-23.1d  |2 z